000 00843nam a22002777a 4500
001 9677
003 FISKH
005 20260129092542.0
008 260129b cb ||||| |||| 00| 0 eng d
020 _a9780763627249
040 _aFISKH
_beng
_cFISKH
_dFISKH
050 _aPZ7
082 _a373.1
100 _aMartin, David
_eAuthor
245 _aFlies for lunch /
_cWritten and illustrated by David Martin
260 _aGuangdong :
_bCandlewick Press ,
_c2001
300 _a8 unnumbered pages :
_bcolor illustrations ;
_c14 x 20 cm
505 _aC
520 _aZap! Bob catches a fly. Zap! Lucy catches a fly. Zap! What did Bob and Lucy catch next?
521 8 _a50
_bLexile estimate
521 8 _aC
_bRaz-Plus
650 _aAnimals
_vFrogs
700 _aMartin, David
_eIllustrator
942 _2ddc
_cBK
_n0
999 _c9677
_d9677